[Event "Perm Rating November"]
[Site "Perm"]
[Date "2010.11.17"]
[Round "3"]
[White "Shulman, Vladlen"]
[Black "Mislavskiy, Evgeny"]
[Result "1-0"]
[WhiteElo "2328"]
[BlackElo "2116"]
[PlyCount "63"]
[EventDate "2010.11.15"]
[EventType "swiss"]
[EventRounds "7"]
[EventCountry "RUS"]
[SourceTitle "EXT 2022"]
[Source "ChessBase"]
[SourceDate "2021.10.06"]
[SourceVersion "1"]
[SourceVersionDate "2021.10.06"]
[SourceQuality "1"]

1. e4 Nc6 2. Nf3 g6 3. d4 Bg7 4. d5 Ne5 5. Nxe5 Bxe5 6. Bc4 d6 7. f4 Bg7 8. Nc3 c6 9. dxc6 bxc6 10. 0-0 Nh6 11. f5 0-0 12. g4 Kh8 13. g5 Nxf5 14. exf5 Bxf5 15. Rxf5 gxf5 16. Qh5 d5 17. Bd3 e6 18. Bd2 c5 19. Rf1 c4 20. Be2 Qb6+ 21. Kh1 Qxb2 22. Rf3 Qxc2 23. Rh3 h6 24. Bf4 Rfb8 25. Qxf7 Rb1+ 26. Kg2 Rg8 27. Be5 Rg1+ 28. Kxg1 Qc1+ 29. Kg2 Qxg5+ 30. Rg3 Bxe5 31. Rxg5 hxg5 32. Qxe6 1-0

[Event "Perm Rating October"]
[Site "Perm"]
[Date "2010.10.06"]
[Round "3"]
[White "Volodin, Ivan"]
[Black "Mislavskiy, Evgeny"]
[Result "1-0"]
[WhiteElo "2225"]
[BlackElo "2100"]
[PlyCount "101"]
[EventDate "2010.10.04"]
[EventType "swiss"]
[EventRounds "8"]
[EventCountry "RUS"]
[SourceTitle "EXT 2022"]
[Source "ChessBase"]
[SourceDate "2021.10.06"]
[SourceVersion "1"]
[SourceVersionDate "2021.10.06"]
[SourceQuality "1"]

1. d4 Nf6 2. c4 g6 3. Nc3 Bg7 4. e4 d6 5. Nf3 0-0 6. h3 c6 7. Be2 Qc7 8. 0-0 e5 9. d5 c5 10. a3 Qe7 11. b4 b6 12. bxc5 bxc5 13. Rb1 Nh5 14. Nd2 Nf4 15. Bg4 f5 16. Bf3 Nd7 17. Nb3 Ba6 18. Na5 Nb6 19. exf5 Nxc4 20. Nc6 Qf7 21. Qa4 Nxa3 22. Bxa3 Bxf1 23. Rxf1 gxf5 24. Nb5 Qf6 25. Bc1 Nd3 26. Nc7 e4 27. Bh5 Nxc1 28. Rxc1 Qg5 29. Qd1 e3 30. fxe3 Qxe3+ 31. Kh1 Rab8 32. Nxb8 Rxb8 33. Ne6 Be5 34. Qe1 f4 35. Qd1 Kh8 36. Ng5 Bf6 37. Nf7+ Kg7 38. Qg4+ Kf8 39. Rf1 Ke7 40. Nh6 Qe5 41. Ng8+ Kd8 42. Nxf6 Qxf6 43. Rxf4 Rb1+ 44. Kh2 Qe5 45. Qg8+ Kc7 46. Qxh7+ Kd8 47. Qxb1 Qxf4+ 48. Kh1 Kc7 49. Be8 a6 50. Bc6 Qb4 51. Qxb4 1-0

[Event "Perm Rating October"]
[Site "Perm"]
[Date "2010.10.05"]
[Round "2"]
[White "Mislavskiy, Evgeny"]
[Black "Goldobin, Aleksei"]
[Result "1-0"]
[WhiteElo "2100"]
[BlackElo "2015"]
[PlyCount "93"]
[EventDate "2010.10.04"]
[EventType "swiss"]
[EventRounds "8"]
[EventCountry "RUS"]
[SourceTitle "EXT 2022"]
[Source "ChessBase"]
[SourceDate "2021.10.06"]
[SourceVersion "1"]
[SourceVersionDate "2021.10.06"]
[SourceQuality "1"]

1. e4 c5 2. Nf3 Nc6 3. d3 d6 4. Be2 g6 5. 0-0 Bg7 6. c3 e5 7. Nbd2 Nge7 8. Qc2 0-0 9. Re1 Rb8 10. a4 Be6 11. Ng5 Qd7 12. Nxe6 Qxe6 13. Nc4 f5 14. exf5 gxf5 15. f4 Ng6 16. fxe5 Ngxe5 17. Nxe5 dxe5 18. Bf3 Rbc8 19. Qf2 b6 20. Bg5 Qg6 21. Qh4 h6 22. Be7 Nxe7 23. Qxe7 a5 24. Bd5+ Kh8 25. Re3 Rce8 26. Qb7 Qd6 27. Bc4 e4 28. Kh1 Rb8 29. Qd5 Qf4 30. Rae1 Rbd8 31. g3 Qf2 32. Qe6 Kh7 33. R3e2 Qf3+ 34. Kg1 exd3 35. Re3 Qg4 36. Bxd3 Rf6 37. Qe7 Rdf8 38. Rf1 Kh8 39. Ref3 R6f7 40. Qe6 Rf6 41. Qe3 h5 42. Kg2 Bh6 43. Qe7 h4 44. h3 Qg5 45. Bxf5 Qd2+ 46. R1f2 Qd5 47. Qh7# 1-0

[Event "Perm Kotkov Memorial op"]
[Site "Perm"]
[Date "2007.04.03"]
[Round "6"]
[White "Mislavskiy, Evgeny"]
[Black "Orekhov, Viktor"]
[Result "1-0"]
[WhiteElo "2107"]
[BlackElo "2249"]
[PlyCount "69"]
[EventDate "2007.03.27"]
[EventType "swiss"]
[EventRounds "7"]
[EventCountry "RUS"]
[SourceTitle "EXT 2022"]
[Source "ChessBase"]
[SourceDate "2021.10.06"]
[SourceVersion "1"]
[SourceVersionDate "2021.10.06"]
[SourceQuality "1"]

1. e4 c5 2. f4 Nc6 3. Nf3 g6 4. c3 Bg7 5. d3 d5 6. Nbd2 e6 7. g3 Nge7 8. Qe2 b5 9. Qf2 c4 10. e5 Rb8 11. a4 a6 12. axb5 axb5 13. d4 b4 14. Bh3 Bd7 15. 0-0 Ra8 16. Rxa8 Qxa8 17. Nh4 Qa5 18. Qe3 Nf5 19. Nxf5 exf5 20. Bg2 Be6 21. Nxc4 Qa7 22. Nd6+ Kd7 23. c4 Ne7 24. c5 Rb8 25. Qb3 Kd8 26. Be3 Nc6 27. Bxd5 Na5 28. Qa4 Bd7 29. Qa2 b3 30. Qa3 Qc7 31. Ra1 Nc6 32. Bxf7 Ke7 33. Bxb3 g5 34. d5 Nd8 35. Nxf5+ 1-0